| 000 | 01341nam a2200349Ia 4500 | ||
|---|---|---|---|
| 001 | ebr10594337 | ||
| 003 | CaPaEBR | ||
| 006 | m u | ||
| 007 | cr cn||||||||| | ||
| 008 | 050713s2004 at sb 000 0aeng d | ||
| 010 | _z 2005415515 | ||
| 020 | _z1920882049 (pbk.) | ||
| 020 | _z9781920882044 | ||
| 020 | _z9781922146090 | ||
| 040 |
_aCaPaEBR _cCaPaEBR |
||
| 035 | _a(OCoLC)811411223 | ||
| 050 | 1 | 4 |
_aCT2808.H845 _bA3 2004eb |
| 082 | 0 | 4 |
_a304.8940477 _222 |
| 100 | 1 |
_aHughes, John, _d1961- |
|
| 245 | 1 | 4 |
_aThe idea of home _h[electronic resource] : _bautobiographical essays / _cJohn Hughes. |
| 260 |
_aArtarmon, NSW : _bGiramondo, _c2004. |
||
| 300 | _axi, 207 p. | ||
| 504 | _aIncludes bibliographical references (p. 204-205). | ||
| 533 |
_aElectronic reproduction. _bPalo Alto, Calif. : _cebrary, _d2011. _nAvailable via World Wide Web. _nAccess may be limited to ebrary affiliated libraries. |
||
| 600 | 1 | 0 |
_aHughes, John, _d1961- |
| 650 | 0 |
_aUkrainians _zAustralia _vBiography. |
|
| 650 | 0 |
_aImmigrants _zAustralia _vBiography. |
|
| 650 | 0 |
_aImmigrants _zAustralia _zHunter River Region (N.S.W.) _vBiography. |
|
| 655 | 7 |
_aElectronic books. _2local |
|
| 710 | 2 | _aebrary, Inc. | |
| 856 | 4 | 0 |
_uhttp://site.ebrary.com/lib/rucke/Doc?id=10594337 _zAn electronic book accessible through the World Wide Web; click to view |
| 999 |
_c112625 _d112625 |
||